An introduction to sustainable development / (Record no. 22407)
[ view plain ]
| 000 -LEADER | |
|---|---|
| fixed length control field | 01025cam a22003015a 4500 |
| 001 - CONTROL NUMBER | |
| control field | 15024893 |
| 005 - DATE AND TIME OF LATEST TRANSACTION | |
| control field | 20160926123830.0 |
| 008 - FIXED-LENGTH DATA ELEMENTS--GENERAL INFORMATION | |
| fixed length control field | 070927s2008 enka frb 001 0 eng d |
| 020 ## - INTERNATIONAL STANDARD BOOK NUMBER | |
| International Standard Book Number | 9781844075201 (pbk.) |
| 020 ## - INTERNATIONAL STANDARD BOOK NUMBER | |
| International Standard Book Number | 1844075206 (pbk.) |
| 040 ## - CATALOGING SOURCE | |
| Original cataloging agency | DLC |
| Transcribing agency | DLC |
| Modifying agency | UKM |
| -- | BAKER |
| -- | YDXCP |
| -- | BTCTA |
| -- | BWKUK |
| -- | DLC |
| -- | EG-ScBUE |
| Language of cataloging | eng |
| 082 04 - DEWEY DECIMAL CLASSIFICATION NUMBER | |
| Classification number | 338.927 |
| Edition number | 22 |
| Item number | ROG |
| 100 1# - MAIN ENTRY--PERSONAL NAME | |
| Personal name | Rogers, Peter P., |
| Dates associated with a name | 1937- |
| 9 (RLIN) | 41235 |
| 245 13 - TITLE STATEMENT | |
| Title | An introduction to sustainable development / |
| Statement of responsibility, etc | Peter P. Rogers, Kazi F. Jalal, John A. Boyd. |
| 260 ## - PUBLICATION, DISTRIBUTION, ETC. (IMPRINT) | |
| Place of publication, distribution, etc | Oxon ; |
| -- | New York : |
| Name of publisher, distributor, etc | Earthscan, |
| Date of publication, distribution, etc | 2008. |
| 300 ## - PHYSICAL DESCRIPTION | |
| Extent | 416 p. : |
| Other physical details | ill. ; |
| Dimensions | 25 cm. |
| 500 ## - GENERAL NOTE | |
| General note | "Published by Glen Educational Foundation, Inc." |
| 500 ## - GENERAL NOTE | |
| General note | Index : p. 407-416. |
| 504 ## - BIBLIOGRAPHY, ETC. NOTE | |
| Bibliography, etc | Bibliography : p. 389-405. |
| 650 #7 - SUBJECT ADDED ENTRY--TOPICAL TERM | |
| Topical term or geographic name as entry element | Sustainable development. |
| Source of heading or term | BUEsh |
| 9 (RLIN) | 3569 |
| 650 #7 - SUBJECT ADDED ENTRY--TOPICAL TERM | |
| Topical term or geographic name as entry element | Environmental policy. |
| Source of heading or term | BUEsh |
| 9 (RLIN) | 3266 |
| 651 ## - SUBJECT ADDED ENTRY--GEOGRAPHIC NAME | |
| Source of heading or term | BUEsh |
| 653 ## - INDEX TERM--UNCONTROLLED | |
| Resource For college | BAEPS, Business Administration |
| Arrived date list | September2016 |
| 655 ## - INDEX TERM--GENRE/FORM | |
| Form subdivision | Reading book |
| -- | 34232 |
| 700 1# - ADDED ENTRY--PERSONAL NAME | |
| Personal name | Jalal, Kazi F. |
| 700 1# - ADDED ENTRY--PERSONAL NAME | |
| Personal name | Boyd, John A., |
| Dates associated with a name | 1942- |
| 942 ## - ADDED ENTRY ELEMENTS (KOHA) | |
| Source of classification or shelving scheme | Dewey Decimal Classification |
| Withdrawn status | Item status | Source of classification or shelving scheme | Damaged status | Not for loan | Vendor | Home library | Current library | Shelving location | Date acquired | Source of acquisition | Cost, normal purchase price | Total Checkouts | Total Renewals | Full call number | Barcode | Date last seen | Date last borrowed | Koha item type |
|---|---|---|---|---|---|---|---|---|---|---|---|---|---|---|---|---|---|---|
| Dewey Decimal Classification | Baccah | Central Library | Central Library | First floor | 26/09/2016 | Purchase | 420.00 | 3 | 31 | 338.927 ROG | 000033692 | 15/07/2025 | 12/10/2019 | Book - Borrowing | ||||
| Dewey Decimal Classification | Baccah | Central Library | Central Library | First floor | 26/09/2016 | Purchase | 2 | 15 | 338.927 ROG | 000033693 | 15/07/2025 | 14/10/2019 | Book - Borrowing | |||||
| Dewey Decimal Classification | Baccah | Central Library | Central Library | First floor | 26/09/2016 | Purchase | 2 | 12 | 338.927 ROG | 000033694 | 15/07/2025 | 23/11/2020 | Book - Borrowing |